000 00259nam a22000977a 4500
999 _c11437
_d11437
008 190524b ||||| |||| 00| 0 eng d
020 _a9789380058344
100 _aMind Fuels
_97167
245 _aDer mutzenverkaufer und die affen
260 _aNew Delhi
_bMind Fuels